Statistiques concernant Personnages Clan Akimichi ( Naruto / Boruto )

Cliquez ici pour prendre le quiz!

Statistiques générales

  • Ce quiz a été pris 14 fois
  • Le résultat moyen est 2 sur 9

Statistiques - réponses

Réponse% Correct
Choji
100%
Chocho
83%
Choza
58%
Chobee
0%
Doto
0%
Makoro
0%
Maruten
0%
Shito
0%
Torifu
0%

Distribution des résultats

Percentile par nombre de réponses

% des personnes avec chaque résultat

Votre développement - résultats

Vous n’avez pas pris ce quiz